000 00200 a2200109 4500
020 _a8426122450
041 _aspa
100 _aCristina Lastrego
245 _aBienvenido
942 _cBK
952 _74
999 _c20458
_d20458